| 000 | 00649nam a2200205 a 4500 | ||
|---|---|---|---|
| 999 |
_c5543 _d5543 |
||
| 003 | BD-JhCC | ||
| 005 | 20171217195040.0 | ||
| 008 | 171217s1996 bg |||| ||a| 00| 0 ben d | ||
| 035 | _a(BD-JhCC) | ||
| 040 |
_aBD-JhCC _dBD-JhCC |
||
| 041 | _aben | ||
| 082 |
_a516 _bHOS 1996 |
||
| 100 | _aহোসেন, অধ্যাপক আবুল | ||
| 245 |
_aচিরায়ত জ্যামিতি / _cঅধ্যাপক আবুল হোসেন |
||
| 260 |
_aঢাকা : _bচিরায়ত প্রকাশনা, _c১৯৯৬ . |
||
| 300 |
_a358 p. : _c18 cm. |
||
| 650 | _aGeometry | ||
| 942 |
_2ddc _cBK |
||